Gandhi / [por] George Woodcock ; tr. por R. Fernández Calvo

Tallennettuna:
Bibliografiset tiedot
Päätekijä: Woodcock, George (autor)
Aineistotyyppi: Kirja
Aiheet:
Tagit: Lisää tagi
Ei tageja, Lisää ensimmäinen tagi!

MARC

LEADER 00000nam^a2200000^u^4500
001 000544315
005 20250521000000.0
008 060220s1000^^^^^^^^^^^^r^^^^^000^0^spa^d
009 20260310131324.92
035 |a FMI 000013461 
037 |a Acervo Xavier Clavigero 
096 |a 3.6.2/75/B 
100 |a Woodcock, George  |e (autor) 
245 1 0 |a Gandhi / [por] George Woodcock ; tr. por R. Fernández Calvo 
264 |a México : Grijalbo, 1983 
300 |a 197 p. 
336 |a texto  |b txt  |2 rdacontenido 
337 |a sin mediación  |b n  |2 rdamedio 
338 |a volumen  |b nc  |2 rdasoporte 
597 |a Trad. del original ("Ghandi"). 
649 |a XX 
650 |a PERSONAJES CELEBRES 
910 |a Fondo Francisco Migoya Covarrubias S.J. 
920 |a Impresos - Libros 
930 |a Fondos Especiales 
905 |a 134 
901 |a SBC05721  |b IT2  |c ESP  |u 20250521 
902 |a https://opac.biblio.iteso.mx/vufind/Record/000544315